|
|
|
|
| LEADER |
01303naa a22002174a 4500 |
| 003 |
AR-BeUNQ |
| 005 |
20240624072506.0 |
| 007 |
ta |
| 008 |
220704s1982 mx 000 0 spa d |
| 999 |
|
|
|c 35899
|d 119699
|
| 040 |
|
|
|a AR-BeUNQ
|b spa
|c AR-BeUNQ
|e aacr
|
| 100 |
1 |
|
|a Halliday, M. A. K.
|9 3416
|d 1925-2018
|q (Michael Alexander Kirkwood),
|
| 245 |
1 |
3 |
|a Una interpretación de la relación funcional entre el lenguaje y la estructura social
|h [recurso electrónico] /
|c Michael Alexander Kirkwood Halliday.
|b
|n
|
| 256 |
|
|
|a Datos electrónicos (1 archivo doc)
|
| 300 |
|
|
|a recurso electrónico
|
| 500 |
|
|
|a Material digital editado con un formato accesible para uso exclusivo de personas con discapacidad.
|
| 538 |
|
|
|a Requerimientos del material: Procesador de textos y un lector de pantalla.
|
| 594 |
|
|
|a Valentino, Alejandra
|b DIPLOMATURA EN CIENCIAS SOCIALES
|c FUNDAMENTOS DE SEMIÓTICA Y LINGÜÍSTICA
|d 2021
|
| 773 |
|
|
|a Halliday, Michael Alexander Kirkwood
|t El lenguaje como semiótica social : la interpretación social del lenguaje y del significado
|b 1a. ed.
|d México : Fondo de Cultura Económica, 1982
|g 4a parte, cap. X, p. 237-249
|
| 856 |
|
|
|z Para solicitar el texto accesible haga click aquí (sólo para personas con discapacidad)
|u https://biblio.unq.edu.ar/consulte/index.php?a=add
|
| 942 |
|
|
|c TA
|